Luksemburska imigracja według państw - Statystyki

Ogólne statystyki
  • Ten quiz został rozwiązany 124 razy
  • Średni wynik to 14 z 20
Statystyki odpowiedzi
Ludzie Państwo % Poprawnych
12 849 Niemcy
100%
4 844 Polska
99%
19 823 Belgia
98%
4 168 Holandia
98%
47 805 Francja
96%
5 317 Wielka Brytania
94%
7 202 Hiszpania
89%
2 334 Stany Zjednoczone
87%
22 996 Włochy
87%
95 057 Portugalia
86%
3 925 Chiny
76%
2 027 Irlandia
71%
2 804 Indie
67%
5 724 Rumunia
61%
3 673 Grecja
56%
1 866 Serbia
54%
2 449 Brazylia
50%
2 027 Syria
34%
3 163 Czarnogóra
15%
2 572 Republika Zielonego Przylądka
3%
Nie znaleziono quizów pasujących do podanych kryteriów
Rozkład punktacji
Procent ludzi z każdym wynikiem
Percentyl według liczby udzielonych odpowiedzi
Twoja historia wyników
Nie rozwiązałeś tego quizu